Hồ Chí Minh tuyển tập văn học; T3 Thơ

Сохранить в:
Библиографические подробности
Главный автор: Hồ Chí Minh
Формат:
Язык:Undetermined
Опубликовано: Hà Nội Văn Học 1999
Предметы:
Метки: Добавить метку
Нет меток, Требуется 1-ая метка записи!
Thư viện lưu trữ: Trung tâm Học liệu Trường Đại học Cần Thơ
LEADER 00536nam a2200181Ia 4500
001 CTU_40010
008 210402s9999 xx 000 0 und d
082 |a 895.9228 
082 |b M312/T3 
100 |a Hồ Chí Minh 
245 0 |a Hồ Chí Minh tuyển tập văn học; T3 
245 0 |b Thơ 
245 0 |c Hồ Chí Minh 
260 |a Hà Nội 
260 |b Văn Học 
260 |c 1999 
650 |a vietnamese literature - 20th century - collections 
980 |a Trung tâm Học liệu Trường Đại học Cần Thơ